| 000 | 02002nam a2200481 a 4500 | ||
|---|---|---|---|
| 008 | 110629s2009 sp il. f |||| 001 0 spa d | ||
| 020 | _a9788480863834 | ||
| 041 | _aspa | ||
| 092 |
_c575.1 _l85 _sTUR |
||
| 100 | 1 |
_aTurnpenny, Peter _936 |
|
| 245 |
_aEmery. _bElementos de Genética Médica / _cPeter Turnpenny |
||
| 250 |
_a13a ed. en español de la obra original en inglés _bTraducción Pedro Donado Pintado ; Isabel Campos Adrados y José Luis González Hernández |
||
| 260 |
_aBarcelona: _bElsevier ; Churchill Livingstone; _c2009. |
||
| 300 |
_a430 p. _bil. |
||
| 500 | _aTurnpenny, P. y Ellard, S. (2009). Emery. Elementos de genética médica. (13a ed.). Barcelona : Elsevier ; Churchill Livingstone. | ||
| 590 | _aCompra FACIMED, Junio 2011 | ||
| 653 | _aHistoria e impacto de la genética en la medicina | ||
| 653 | _aBases celular y molecular de la herencia | ||
| 653 | _aCromosomas y división celular | ||
| 653 | _aTecnología y aplicaciones del DNA | ||
| 653 | _aMapeo e identificación de genes en trastornos monogénicos | ||
| 653 | _aGenética del desarrollo | ||
| 653 | _aPatrones de herencia | ||
| 653 | _aMatemáticas y genética de poblaciones | ||
| 653 | _aHerencia poligénica y multifactorial | ||
| 653 | _aHemoglobina y hemoglobinopatías | ||
| 653 | _aGenética bioquímica | ||
| 653 | _aFarmacogenética | ||
| 653 | _aInmunogenética | ||
| 653 | _aGenética del cáncer | ||
| 653 | _aFactores genéticos en las enfermedades comunes | ||
| 653 | _aAnomalías congénitas y síndromes dismórficos | ||
| 653 | _aConsejo genético | ||
| 653 | _aTrastornos cromosómicos | ||
| 653 | _aTrastornos monogénicos | ||
| 653 | _aCribado de las enfermedades genéticas | ||
| 653 | _aPruebas prenatales y genética de la reproducción | ||
| 653 | _aCálculo de riesgo | ||
| 653 | _aTratamiento de las enfermedades genéticas | ||
| 653 | _aProblemas éticos y legales en genética médica | ||
| 700 | 1 |
_aEllard, Sian _937 |
|
| 942 |
_2ddc _cBK |
||
| 999 |
_c840 _d840 |
||